Prezident Vladimír Putin a varianty vývoja po jeho odchode
Hospodársky rozvoj Ruska za vlády Vladimíra Putina. Hnacím motorom rastu ruskej ekonomiky sú vysoký spotrebiteľský dopyt, drahá ropa a plyn. Sociálno-ekonomické reformy V. Putina. Ciele v medzinárodnom ekonomickom prostredí, ktoré V. Putin presadzoval. Varianty, ktorými sa môže V. Putin opäť dostať...
Salvato in:
| Autore principale: | |
|---|---|
| Natura: | Capitolo di libro |
| Lingua: | slovacco |
| Soggetti: | |
| Tags: |
Nessun Tag, puoi essere il primo ad aggiungerne!!
|
MARC
| LEADER | 00000nla$a2200000$$$4500 | ||
|---|---|---|---|
| 001 | 0071342 | ||
| 005 | 20240502071843.1 | ||
| 041 | 0 | |a slo | |
| 044 | |a SK | ||
| 245 | 1 | 0 | |a Prezident Vladimír Putin a varianty vývoja po jeho odchode |c Majid Belmiloud |
| 520 | |a Hospodársky rozvoj Ruska za vlády Vladimíra Putina. Hnacím motorom rastu ruskej ekonomiky sú vysoký spotrebiteľský dopyt, drahá ropa a plyn. Sociálno-ekonomické reformy V. Putina. Ciele v medzinárodnom ekonomickom prostredí, ktoré V. Putin presadzoval. Varianty, ktorými sa môže V. Putin opäť dostať k moci. Budúcnosť V. Putina. Trendy, ktoré Putin neriešil a bude sa nimi musieť zaoberať nástupca. | ||
| 610 | 2 | 0 | |a Rusko |
| 610 | 2 | 0 | |a situácia hospodárska |
| 610 | 2 | 0 | |a prezidenti |
| 610 | 2 | 0 | |a prognózy |
| 100 | 1 | |a Belmiloud, Majid | |